[Event "Montreal Pere Noel U1800"]
[Site "Montreal"]
[Date "2012.12.26"]
[Round "1.15"]
[White "Robert Ouimet, Jean Simon"]
[Black "Ma, Indy"]
[Result "0-1"]
[WhiteElo "963"]
[BlackElo "1700"]
[PlyCount "86"]
[EventDate "2012.12.26"]
[EventType "swiss"]
[EventRounds "5"]
[EventCountry "CAN"]
[SourceTitle "EXT 2022"]
[Source "ChessBase"]
[SourceDate "2021.10.06"]
[SourceVersion "1"]
[SourceVersionDate "2021.10.06"]
[SourceQuality "1"]

1. e4 c5 2. c3 d6 3. d4 cxd4 4. cxd4 Nf6 5. Nc3 e6 6. Nf3 Be7 7. Bd3 Nc6 8. 0-0 0-0 9. Re1 Qb6 10. Bc2 Rd8 11. d5 Nb4 12. Be3 Qa6 13. a3 Nxc2 14. Qxc2 e5 15. Qe2 Qxe2 16. Rxe2 Bg4 17. Rc2 Rdc8 18. Nd2 Be2 19. Nb3 Bd3 20. Rd2 Bxe4 21. f3 Bf5 22. Na5 Bd7 23. Ne4 Nxe4 24. fxe4 b6 25. Nb3 Rc4 26. Nc1 Rxe4 27. Bf2 Rc8 28. Ne2 Bg5 29. Ng3 Rec4 30. Rdd1 f5 31. Re1 Rc2 32. b4 Rd2 33. Be3 Bxe3+ 34. Rxe3 Rcc2 35. Nf1 Rxg2+ 36. Kh1 f4 37. Ree1 f3 38. Rec1 Bh3 39. Rxc2 Rxc2 40. Ne3 Re2 41. Rc1 f2 42. Rc8+ Kf7 43. Rc7+ Kg6 0-1